Minimálna mzda a jej význam
História a funkcie inštitútu minimálnej mzdy v bývalom Československu a samostatnej Slovenskej republike. Minimálna mzda v rámci EÚ a dohovory s MOP. Smernica Európskeho parlamentu a Rady č. 2006/54/ES z 5. júla 2006 o vykonávaní zásady rovnosti príležitostí a rovnakého zaobchádzania s mužmi a ženam...
Uložené v:
| Hlavný autor: | |
|---|---|
| Médium: | Kapitola |
| Jazyk: | Slovak |
| Predmet: | |
| Tagy: |
Žiadne tagy, Buďte prvý, kto otaguje tento záznam!
|
MARC
| LEADER | 00000naa a2200000 4500 | ||
|---|---|---|---|
| 001 | 0136912 | ||
| 005 | 20220729111742.1 | ||
| 041 | 0 | |a slo | |
| 044 | |a SK | ||
| 245 | 1 | 0 | |a Minimálna mzda a jej význam |c Miroslav Mačuha |
| 520 | |a História a funkcie inštitútu minimálnej mzdy v bývalom Československu a samostatnej Slovenskej republike. Minimálna mzda v rámci EÚ a dohovory s MOP. Smernica Európskeho parlamentu a Rady č. 2006/54/ES z 5. júla 2006 o vykonávaní zásady rovnosti príležitostí a rovnakého zaobchádzania s mužmi a ženami vo veciach zamestnanosti a povolania. | ||
| 610 | 2 | 0 | |a Slovensko |
| 610 | 2 | 0 | |a história |
| 610 | 2 | 0 | |a mzdy minimálne |
| 610 | 2 | 0 | |a prostriedky existenčné |
| 610 | 2 | 0 | |a náklady životné |
| 610 | 2 | 0 | |a podmienky sociálne |
| 610 | 2 | 0 | |a partnerstvo sociálne |
| 610 | 2 | 0 | |a zamestnanosť |
| 610 | 2 | 0 | |a zákony |
| 610 | 2 | 0 | |a smernice |
| 610 | 2 | 0 | |a Európska únia |
| 100 | 1 | |a Mačuha, Miroslav | |